| 000 | 00616nam a2200193 i 4500 | ||
|---|---|---|---|
| 001 | bg | ||
| 100 | 1 | _aBAZ, A. J. | |
| 245 | 0 |
_aRassejanie, reakcii i raspady v nereljativističeskoj kvantovoj mechanike / _cA.J. Baź, J.B. Zeldovic, A.M. Perelomov. |
|
| 250 | _aIzd. 2 ispravl. i dopol. | ||
| 260 |
_aMoskva, _c1971. |
||
| 700 | 1 | _aZELDOVIC, Ja. B. | |
| 700 | 1 | _aPERELOMOV, A. M. | |
| 040 | _cBPK | ||
| 041 | _apol | ||
| 080 | _a530.145 | ||
| 942 | _cKS | ||
| 008 | s pl f |000 0 pol | ||
| 856 |
_uhttp://koha.tu.koszalin.pl/cgi-bin/koha/opac-detail.pl?biblionumber=13697 _yKatalog online BPK |
||
| 999 |
_c13697 _d13697 |
||